00956nam a2200229Ia 4500008004100000020002100041050002000062100002100082245019700103260005100300300002300351337001000374338001400384339001200398500001900410630005600429650003400485700008600519942000700605952009700612999001700709121028s9999 xx 000 0 und d a978-970-106510-5 aTA330 Z553 200810aZILL, Dennis G., aMatemáticas avanzadas para ingeniería 2 : cálculo vectorial, análisis de Fourier y análisis complejo c/ Dennis G. Zill, Michael R. Cullen ; traductor, Carlos Roberto Cordero Pedraza aMéxico b: McGraw-Hill Interamericana,c2008 apaginacion variada atexto asin medio avolumen aIncluye indice aAdvanced engineering mathematics. tercera edición aMatemáticas para ingenieros aCullen, Michael R., coautor Cordero Pedraza, Carlos Roberto, traductor Ì cLB 00104070a14b14d2010-12-07l0oTA330 Z553 2008p14 003568r2012-10-28t1w2012-10-28yLB c85859d85859